[Event "Tournament of Champions"]
[Site "Winnipeg CAN"]
[Date "2014.11.04"]
[Round "1.6"]
[White "Kernetsky, Myron"]
[Black "Lauritson, Jim"]
[Result "1/2-1/2"]
[WhiteElo "1898"]
[BlackElo "2027"]
[PlyCount "69"]
[EventDate "2014.11.04"]
[EventType "team"]
[EventRounds "6"]
[EventCountry "CAN"]

1. d4 Nf6 2. c4 e6 3. Nf3 Bb4+ 4. Bd2 Qe7 5. Nc3 O-O 6. g3 d5 7. cxd5 exd5 8.
Bg2 c6 9. O-O Bf5 10. Re1 Nbd7 11. a3 Bd6 12. Nh4 Bg6 13. Nxg6 fxg6 14. e4 dxe4
15. Nxe4 Nxe4 16. Bxe4 Qf7 17. Be3 Nf6 18. Bg2 Nd5 19. Qc2 Rae8 20. Re2 Qf5 21.
Rae1 Re7 22. Qb3 Rfe8 23. Bxd5+ Qxd5 24. Qxd5+ cxd5 25. Rc2 Rc7 26. Rec1 Rec8
27. Rxc7 Rxc7 28. Rxc7 Bxc7 29. g4 Kf7 30. h3 Ke6 31. Kf1 Kd7 32. Ke2 Kc6 33.
Kd3 Kb5 34. b3 Bd6 35. Bc1 1/2-1/2

[Event "Tournament of Champions"]
[Site "Winnipeg CAN"]
[Date "2014.11.04"]
[Round "1.6"]
[White "Raihman, Igal"]
[Black "Lipnowski, Samuel"]
[Result "1/2-1/2"]
[WhiteElo "1977"]
[BlackElo "2228"]
[PlyCount "53"]
[EventDate "2014.11.04"]
[EventType "team"]
[EventRounds "6"]
[EventCountry "CAN"]

1. e4 e5 2. Nf3 Nc6 3. Bb5 Nf6 4. O-O Nxe4 5. Re1 Nd6 6. Nxe5 Nxe5 7. Rxe5+ Be7
8. Bd3 O-O 9. Qh5 g6 10. Qh6 f5 11. Nc3 Bg5 12. Qh3 Re8 13. Qg3 Rxe5 14. Qxe5
Qe7 15. Qxe7 Bxe7 16. Nd5 Bd8 17. b3 c6 18. Ba3 cxd5 19. Bxd6 b6 20. Re1 Kf7
21. a4 Bb7 22. b4 Rc8 23. b5 Bf6 24. c3 d4 25. cxd4 Bxd4 26. Ba3 Bf6 27. Bb4
1/2-1/2

[Event "Tournament of Champions"]
[Site "Winnipeg CAN"]
[Date "2014.11.18"]
[Round "2.6"]
[White "Baron, Gustav"]
[Black "Andraschko, Felix"]
[Result "1-0"]
[WhiteElo "2123"]
[BlackElo "2161"]
[PlyCount "113"]
[EventDate "2014.11.04"]
[EventType "team"]
[EventRounds "6"]
[EventCountry "CAN"]

1. d4 Nf6 2. c4 e6 3. Nf3 d5 4. g3 Bb4+ 5. Bd2 Be7 6. Bg2 O-O 7. O-O c6 8. Qc2
b6 9. b3 a5 10. Bc3 Ba6 11. Nbd2 b5 12. Bb2 bxc4 13. bxc4 Nbd7 14. Rfe1 c5 15.
Ne5 cxd4 16. Nc6 Qe8 17. Nxe7+ Qxe7 18. cxd5 exd5 19. Bxd4 Rfc8 20. Qf5 Qb4 21.
Nf3 Bc4 22. h4 Qd6 23. Bh3 Re8 24. e3 Qe6 25. Qxe6 fxe6 26. Bxf6 gxf6 27. e4
dxe4 28. Rxe4 Bd5 29. Rd4 Ra7 30. Nh2 Ne5 31. a3 Rb8 32. Bg2 Bxg2 33. Kxg2 Rb3
34. a4 Kf7 35. Rc1 Rb4 36. Rd8 Rxa4 37. Rcc8 Rc4 38. Rf8+ Kg6 39. Rg8+ Kf5 40.
Rcd8 a4 41. Nf1 Rb4 42. Rd2 Nc4 43. g4+ Ke5 44. Re2+ Kd6 45. Rd8+ Ke7 46. Rh8
Ra5 47. Rxh7+ Kd6 48. Rh5 Ne5 49. Ne3 a3 50. Nc2 Rxg4+ 51. Kf1 Nf3 52. Rxe6+
Kxe6 53. Rxa5 Rxh4 54. Rxa3 Ne5 55. Ra6+ Ke7 56. Ne3 Rh6 57. Nf5+ 1-0

[Event "Tournament of Champions"]
[Site "Winnipeg CAN"]
[Date "2014.11.18"]
[Round "2.6"]
[White "Campbell, Jamie"]
[Black "Atem, James"]
[Result "1/2-1/2"]
[WhiteElo "1803"]
[BlackElo "1914"]
[PlyCount "49"]
[EventDate "2014.11.04"]
[EventType "team"]
[EventRounds "6"]
[EventCountry "CAN"]

1. Nf3 d5 2. c4 e6 3. b3 Nc6 4. Bb2 Nf6 5. g3 Be7 6. Bg2 O-O 7. O-O Ne4 8. d3
Nc5 9. a3 Bf6 10. Bxf6 Qxf6 11. d4 Rd8 12. b4 Ne4 13. b5 Na5 14. c5 Nxc5 15.
Nbd2 Ne4 16. Qa4 b6 17. Rac1 Rd7 18. Nxe4 dxe4 19. Ne5 Re7 20. Bxe4 Bb7 21.
Bxb7 Nxb7 22. Nc6 Rd7 23. Ne5 Re7 24. Nc6 Rd7 25. Ne5 1/2-1/2

[Event "Tournament of Champions"]
[Site "Winnipeg CAN"]
[Date "2014.11.18"]
[Round "2.6"]
[White "Lauritson, Jim"]
[Black "Igal, Raihman"]
[Result "0-1"]
[WhiteElo "2027"]
[BlackElo "1977"]
[PlyCount "92"]
[EventDate "2014.11.04"]
[EventType "team"]
[EventRounds "6"]
[EventCountry "CAN"]

1. d4 d5 2. c4 Nf6 3. cxd5 Bf5 4. Nc3 Nxd5 5. Nf3 Nc6 6. a3 Nxc3 7. bxc3 Qd5 8.
e3 Na5 9. c4 Nxc4 10. Qa4+ b5 11. Bxc4 Qxc4 12. Qxc4 bxc4 13. Ne5 c3 14. Ke2 h5
15. a4 e6 16. Ba3 Rb8 17. Nd3 c5 18. dxc5 Be7 19. f3 Bxd3+ 20. Kxd3 Bf6 21. Kc2
Kd7 22. Rab1 a5 23. Rhd1+ Kc7 24. e4 g5 25. Rxb8 Rxb8 26. Rb1 Rxb1 27. Kxb1 Kc6
28. Kc2 Bd4 29. Kd3 Be5 30. h3 h4 31. Kc4 f5 32. Bc1 c2 33. Kd3 fxe4+ 34. fxe4
Bf4 35. Bxf4 gxf4 36. Kxc2 Kxc5 37. Kd3 Kb4 38. Kd4 Kxa4 39. Ke5 Kb4 40. Kxe6
a4 41. e5 a3 42. Kf7 a2 43. e6 a1=Q 44. e7 Qa7 45. Kf8 Qc5 46. Kf7 Qf5+ 0-1

[Event "Tournament of Champions"]
[Site "Winnipeg CAN"]
[Date "2014.11.18"]
[Round "2.6"]
[White "Liebzeit, Mick"]
[Black "Green, Jim"]
[Result "1-0"]
[WhiteElo "1902"]
[BlackElo "1881"]
[PlyCount "51"]
[EventDate "2014.11.04"]
[EventType "team"]
[EventRounds "6"]
[EventCountry "CAN"]

1. e4 e5 2. Nf3 Nf6 3. Nc3 Nc6 4. Bb5 Be7 5. Bxc6 dxc6 6. Nxe5 Bb4 7. O-O O-O
8. d3 Re8 9. Nc4 b5 10. Ne3 a6 11. Ne2 g6 12. c3 Bf8 13. f4 Bg7 14. f5 gxf5 15.
Nxf5 Bxf5 16. Rxf5 Rxe4 17. Bg5 Re6 18. Nf4 Rd6 19. Nh5 Qc8 20. Rxf6 Bxf6 21.
Nxf6+ Kg7 22. Qh5 Rxf6 23. Bxf6+ Kxf6 24. Rf1+ Ke6 25. Qxf7+ Kd6 26. d4 1-0

[Event "Tournament of Champions"]
[Site "Winnipeg CAN"]
[Date "2014.11.18"]
[Round "2.6"]
[White "Lipnowski, Samuel"]
[Black "Boron, Anthony"]
[Result "1/2-1/2"]
[WhiteElo "2228"]
[BlackElo "2005"]
[PlyCount "39"]
[EventDate "2014.11.04"]
[EventType "team"]
[EventRounds "6"]
[EventCountry "CAN"]

1. e4 c5 2. Nf3 e6 3. d4 cxd4 4. Nxd4 Nf6 5. Bd3 a6 6. O-O d6 7. c4 Nc6 8. Nxc6
bxc6 9. Qe2 e5 10. Rd1 Be7 11. Nd2 O-O 12. Nf1 Qc7 13. Ng3 g6 14. Bh6 Re8 15.
f3 Rb8 16. Kh1 Kh8 17. Rd2 a5 18. Rad1 Ng8 19. Be3 h5 20. Nf1 1/2-1/2

[Event "Tournament of Champions"]
[Site "Winnipeg CAN"]
[Date "2014.11.18"]
[Round "2.6"]
[White "Wasserman, Leor"]
[Black "Kernetsky, Myron"]
[Result "0-1"]
[WhiteElo "2021"]
[BlackElo "1898"]
[PlyCount "62"]
[EventDate "2014.11.04"]
[EventType "team"]
[EventRounds "6"]
[EventCountry "CAN"]

1. g3 d5 2. d4 Nf6 3. Nf3 Bg4 4. Ne5 Bf5 5. Bg2 e6 6. c4 c6 7. O-O Nbd7 8. Bg5
Be7 9. Nxd7 Qxd7 10. Nc3 O-O 11. e3 Rfd8 12. h4 h6 13. Bxf6 Bxf6 14. f4 Bh7 15.
c5 b6 16. b4 bxc5 17. bxc5 Rab8 18. a3 Qb7 19. Ra2 Qa6 20. Bf3 Qa5 21. Na4 Rb1
22. Qd2 Rxf1+ 23. Kxf1 Qxa4 24. h5 Rb8 25. g4 Qb3 26. Kg2 Bb1 27. Ra1 Qb2 28.
Qxb2 Rxb2+ 29. Kg3 Bd8 30. a4 Ba5 31. f5 Bc7+ 0-1

[Event "Tournament of Champions"]
[Site "Winnipeg CAN"]
[Date "2014.11.25"]
[Round "3.6"]
[White "Atem, James"]
[Black "Wasserman, Leor"]
[Result "1-0"]
[WhiteElo "1914"]
[BlackElo "2021"]
[PlyCount "54"]
[EventDate "2014.11.04"]
[EventType "team"]
[EventRounds "6"]
[EventCountry "CAN"]

1. d4 Nf6 2. c4 e5 3. dxe5 Ne4 4. Qd3 Bb4+ 5. Nc3 Nxc3 6. bxc3 Bc5 7. Qd5 Na6
8. Nf3 O-O 9. g3 d6 10. exd6 Be6 11. Qd3 h6 12. Bg2 Bxd6 13. Be3 Qe8 14. O-O
Rd8 15. Qe4 Qa4 16. Qxb7 Bxc4 17. Qxa7 Rfe8 18. Nd4 Bc5 19. Qb7 Bb6 20. Bc6 Qa5
21. Bxe8 Bd5 22. Nc6 Qa4 23. Ne7+ Kh8 24. Nxd5 Rxe8 25. Bxb6 cxb6 26. Qxb6 Re6
27. Qd8+ Kh7 1-0

[Event "Tournament of Champions"]
[Site "Winnipeg CAN"]
[Date "2014.11.25"]
[Round "3.6"]
[White "Baron, Gustav"]
[Black "Gentes, Kevin"]
[Result "0-1"]
[WhiteElo "2123"]
[BlackElo "2315"]
[PlyCount "60"]
[EventDate "2014.11.04"]
[EventType "team"]
[EventRounds "6"]
[EventCountry "CAN"]

1. d4 Nf6 2. Nf3 e6 3. Bg5 d5 4. c3 Be7 5. Nbd2 Nbd7 6. e3 c5 7. Bd3 b6 8. O-O
Bb7 9. Qe2 Ne4 10. Bf4 g5 11. Bg3 h5 12. h3 g4 13. Nh2 Nxg3 14. fxg3 gxh3 15.
gxh3 Bd6 16. Qf3 f5 17. Rf2 Qg5 18. Rg2 O-O-O 19. h4 Qg7 20. a4 Rdg8 21. Ndf1
c4 22. Bc2 Nf6 23. a5 Ne4 24. Bxe4 fxe4 25. Qf2 Rh6 26. axb6 axb6 27. g4 hxg4
28. Rxg4 Qxg4+ 29. Nxg4 Rxg4+ 30. Ng3 Rxg3+ 0-1

[Event "Tournament of Champions"]
[Site "Winnipeg CAN"]
[Date "2014.11.25"]
[Round "3.6"]
[White "Boron, Anthony"]
[Black "Campbell, Jamie"]
[Result "1-0"]
[WhiteElo "2005"]
[BlackElo "1803"]
[PlyCount "77"]
[EventDate "2014.11.04"]
[EventType "team"]
[EventRounds "6"]
[EventCountry "CAN"]

1. e4 d6 2. d4 Nf6 3. Nc3 g6 4. Be3 Bg7 5. Qd2 Nbd7 6. Nf3 Ng4 7. Bg5 h6 8. Bh4
O-O 9. h3 Ngf6 10. O-O-O c5 11. d5 b5 12. Bxb5 Qb6 13. Bd3 Rb8 14. Na4 Qc7 15.
c4 Rb4 16. b3 Ba6 17. Rhe1 Rfb8 18. g4 Qa5 19. e5 Nxe5 20. Nxe5 dxe5 21. f3 e4
22. fxe4 Qxa4 23. bxa4 Bxc4 24. Bxc4 Rxc4+ 25. Qc2 Rbb4 26. e5 Nd7 27. Bg3 Rxa4
28. Rd2 h5 29. g5 Rxc2+ 30. Rxc2 Ra3 31. e6 Nb6 32. d6 fxe6 33. dxe7 Kf7 34.
Rxe6 Ke8 35. Be5 Bxe5 36. Rxe5 Rxh3 37. Rd2 Rc3+ 38. Kb1 Nd7 39. Rxd7 1-0

[Event "Tournament of Champions"]
[Site "Winnipeg CAN"]
[Date "2014.11.25"]
[Round "3.6"]
[White "Green, Jim"]
[Black "Czarny, Keith"]
[Result "1-0"]
[WhiteElo "1881"]
[BlackElo "1751"]
[PlyCount "69"]
[EventDate "2014.11.04"]
[EventType "team"]
[EventRounds "6"]
[EventCountry "CAN"]

1. e4 b6 2. Bc4 Bb7 3. d3 e6 4. Nf3 Be7 5. O-O Nf6 6. Nc3 Nc6 7. h3 Na5 8. Bb3
c5 9. e5 Nxb3 10. axb3 Nd5 11. Ne4 h6 12. Nfd2 O-O 13. Nc4 f5 14. Ned6 Bc6 15.
d4 Bg5 16. dxc5 bxc5 17. Na5 Bxc1 18. Qxc1 Nb4 19. c3 Nd3 20. Qe3 Qg5 21. Nxc6
Qxe3 22. Ne7+ Kh7 23. fxe3 Nxe5 24. Rfd1 f4 25. exf4 Rxf4 26. Rf1 Rh4 27. Nec8
a5 28. Nb6 Ra6 29. Nbc4 Nxc4 30. Nxc4 d5 31. Rxa5 Rc6 32. Ne5 Rb6 33. Ra7 Rh5
34. Nd7 Rxb3 35. Nf6+ 1-0

[Event "Tournament of Champions"]
[Site "Winnipeg CAN"]
[Date "2014.11.25"]
[Round "3.6"]
[White "Liebzeit, Mick"]
[Black "Lipnowski, Samuel"]
[Result "0-1"]
[WhiteElo "1902"]
[BlackElo "2228"]
[PlyCount "80"]
[EventDate "2014.11.04"]
[EventType "team"]
[EventRounds "6"]
[EventCountry "CAN"]

1. c4 c5 2. g3 g6 3. Bg2 Bg7 4. Nc3 Nc6 5. a3 Nf6 6. Rb1 O-O 7. b4 cxb4 8. axb4
a5 9. b5 Nb4 10. Ba3 d6 11. Bxb4 axb4 12. Rxb4 Qc7 13. d4 Nd7 14. e3 Nb6 15.
Nd5 Nxd5 16. Bxd5 Qa5 17. Qb1 Bf5 18. Qb2 e5 19. Ne2 exd4 20. Nxd4 Qb6 21. O-O
Ra7 22. Ra1 Rfa8 23. Rxa7 Rxa7 24. Kg2 Bd7 25. Qd2 h5 26. h4 Bc8 27. Qd3 Kf8
28. Rb3 Qd8 29. Ra3 Rxa3 30. Qxa3 Qd7 31. c5 dxc5 32. Qxc5+ Kg8 33. Nf3 Bf6 34.
e4 Kg7 35. e5 Be7 36. Qc4 b6 37. Bxf7 Bb7 38. Qe6 Qd3 39. Qxe7 Qxf3+ 40. Kf1
Qd1# 0-1

[Event "Tournament of Champions"]
[Site "Winnipeg CAN"]
[Date "2014.11.25"]
[Round "3.6"]
[White "Raihman, Igal"]
[Black "Andraschko, Felix"]
[Result "0-1"]
[WhiteElo "1977"]
[BlackElo "2161"]
[PlyCount "58"]
[EventDate "2014.11.04"]
[EventType "team"]
[EventRounds "6"]
[EventCountry "CAN"]

1. e4 c5 2. Nf3 e6 3. d4 cxd4 4. Nxd4 a6 5. Nc3 Qc7 6. Be3 Bb4 7. Qd2 Nf6 8. f3
d5 9. Bd3 e5 10. Nde2 d4 11. Nxd4 exd4 12. Bxd4 Nc6 13. a3 Nxd4 14. axb4 O-O
15. Qe3 Nc6 16. b5 Nb4 17. e5 Re8 18. f4 Nxd3+ 19. cxd3 Bf5 20. h3 Rad8 21. d4
Qb6 22. O-O Nd5 23. Nxd5 Rxd5 24. bxa6 bxa6 25. g4 Bc8 26. Rfd1 Red8 27. Rd3
Bb7 28. f5 Qc6 29. Rc1 Rc5 0-1

[Event "Tournament of Champions"]
[Site "Winnipeg CAN"]
[Date "2014.11.25"]
[Round "3.6"]
[White "Wolchock, Theo"]
[Black "Lauritson, Jim"]
[Result "1/2-1/2"]
[WhiteElo "1963"]
[BlackElo "2027"]
[PlyCount "88"]
[EventDate "2014.11.04"]
[EventType "team"]
[EventRounds "6"]
[EventCountry "CAN"]

1. c4 c5 2. g3 Nc6 3. Bg2 g6 4. Nc3 Bg7 5. e3 e6 6. Nge2 Nge7 7. d4 cxd4 8.
exd4 d5 9. cxd5 Nxd5 10. Nxd5 exd5 11. O-O O-O 12. h3 Be6 13. Be3 Qb6 14. Qd2
Rac8 15. Rac1 Nb4 16. a3 Nc6 17. Rc5 Rfd8 18. b4 Bf8 19. Rc2 a5 20. Rb2 axb4
21. axb4 Bxb4 22. Qd1 Qa6 23. Qb3 Rd7 24. Ra2 Qc4 25. Qb2 Bf8 26. Rc1 Qb4 27.
Qa1 Qe7 28. Qb2 Qd8 29. Nf4 Nb4 30. Raa1 Rxc1+ 31. Rxc1 Rc7 32. Rxc7 Qxc7 33.
Nxe6 fxe6 34. Bf1 Qc2 35. Qa3 Qa2 36. Qc3 Qc2 37. Qa3 Qc8 38. Qb3 Nc6 39. Bb5
Bg7 40. Qc3 Na7 41. Qxc8+ Nxc8 42. Bd7 Nb6 43. Bxe6+ Kf8 44. Kf1 Ke7 1/2-1/2

[Event "Tournament of Champions"]
[Site "Winnipeg CAN"]
[Date "2014.12.02"]
[Round "4.6"]
[White "Andraschko, Felix"]
[Black "Boron, Anthony"]
[Result "1-0"]
[WhiteElo "2161"]
[BlackElo "2005"]
[PlyCount "61"]
[EventDate "2014.11.04"]
[EventType "team"]
[EventRounds "6"]
[EventCountry "CAN"]

1. c4 c5 2. Nf3 Nc6 3. d4 cxd4 4. Nxd4 Qb6 5. Nc2 g6 6. Nc3 Nf6 7. e4 Bg7 8.
Be2 O-O 9. O-O d6 10. Kh1 Bd7 11. f4 Rac8 12. Be3 Qd8 13. Rc1 b6 14. Na3 Ne8
15. Qd2 f5 16. Bf3 Nf6 17. exf5 Bxf5 18. Nab5 Na5 19. b3 Qd7 20. Rce1 Rfe8 21.
Bg1 Kh8 22. Nd5 Nxd5 23. Bxd5 e5 24. Be4 exf4 25. Bxf5 gxf5 26. Qxd6 Qf7 27.
Qxf4 Rxe1 28. Rxe1 Rd8 29. Nd4 Bxd4 30. Bxd4+ Kg8 31. Qg5+ 1-0

[Event "Tournament of Champions"]
[Site "Winnipeg CAN"]
[Date "2014.12.02"]
[Round "4.6"]
[White "Bince, Rolando"]
[Black "Raihman, Igal"]
[Result "1-0"]
[WhiteElo "2015"]
[BlackElo "1977"]
[PlyCount "47"]
[EventDate "2014.11.04"]
[EventType "team"]
[EventRounds "6"]
[EventCountry "CAN"]

1. e3 e5 2. a3 d5 3. b4 Be7 4. Bb2 Bf6 5. c4 d4 6. exd4 exd4 7. Nf3 d3 8. Qb3
Bg4 9. h3 Qe7+ 10. Kd1 Bh5 11. Bxd3 Qd6 12. Bxf6 Qxf6 13. Re1+ Ne7 14. Qc3
Bxf3+ 15. gxf3 Qxf3+ 16. Kc2 Nbc6 17. Re3 Qf4 18. Re4 Qxf2 19. b5 f5 20. Re3
O-O-O 21. bxc6 Nxc6 22. Kb2 Nd4 23. Qa5 Kb8 24. Qe5 {
Scoresheets unclear , White won in 35.} 1-0

[Event "Tournament of Champions"]
[Site "Winnipeg CAN"]
[Date "2014.12.02"]
[Round "4.6"]
[White "Campbell, Jamie"]
[Black "Liebzeit, Mick"]
[Result "0-1"]
[WhiteElo "1803"]
[BlackElo "1902"]
[PlyCount "103"]
[EventDate "2014.11.04"]
[EventType "team"]
[EventRounds "6"]
[EventCountry "CAN"]

1. e4 c5 2. c3 Nf6 3. e5 Nd5 4. Nf3 Nc6 5. Bc4 e6 6. d4 cxd4 7. cxd4 d6 8. O-O
dxe5 9. dxe5 Be7 10. Bxd5 exd5 11. Nc3 Be6 12. Bf4 h6 13. a3 O-O 14. Nd4 Qb6
15. Nxc6 bxc6 16. Na4 Qb5 17. b4 a5 18. Nc3 Qc4 19. Ne2 axb4 20. Rc1 Qe4 21.
axb4 Bxb4 22. f3 Qg6 23. Rxc6 Rfc8 24. Qc1 Rxc6 25. Qxc6 Rc8 26. Qb5 Bf8 27.
Rc1 Rxc1+ 28. Nxc1 Qc2 29. Qd3 Bc5+ 30. Kh1 Qf2 31. Qd1 h5 32. Bg3 Qe3 33. Qe1
d4 34. Bf2 Qxe1+ 35. Bxe1 Bc4 36. g3 d3 37. Bd2 Bd4 38. Bf4 Bc3 39. Nxd3 Bxd3
40. Kg2 Bd4 41. g4 hxg4 42. fxg4 Be4+ 43. Kg3 Kf8 44. h4 Ke7 45. h5 Ke6 46. h6
Bxe5 47. Bxe5 Kxe5 48. hxg7 Bh7 49. g5 Kf5 50. Kh4 Kg6 51. Kg4 Kxg7 52. Kh5 0-1

[Event "Tournament of Champions"]
[Site "Winnipeg CAN"]
[Date "2014.12.02"]
[Round "4.6"]
[White "Czarny, Keith"]
[Black "Wasserman, Leor"]
[Result "0-1"]
[WhiteElo "1751"]
[BlackElo "2021"]
[PlyCount "62"]
[EventDate "2014.11.04"]
[EventType "team"]
[EventRounds "6"]
[EventCountry "CAN"]

1. Nf3 Nf6 2. c4 c5 3. Nc3 Nc6 4. g3 e6 5. Bg2 Be7 6. O-O O-O 7. d3 d5 8. a3 d4
9. Nb1 e5 10. Nbd2 Be6 11. Ng5 Bf5 12. Nb3 h6 13. Nf3 Qd7 14. e4 dxe3 15. Bxe3
Bxd3 16. Re1 e4 17. Nfd2 h5 18. Nxe4 Bxe4 19. Qxd7 Nxd7 20. Bxe4 Rac8 21. Rad1
Nde5 22. Bf5 Rcd8 23. Kg2 Nxc4 24. Rb1 Bf6 25. Be4 N6e5 26. Na1 Ng4 27. Bc1 Nd2
28. Bxd2 Rxd2 29. Kf3 Nxf2 30. Nb3 Nxe4 31. Kxe4 Rxb2 0-1

[Event "Tournament of Champions"]
[Site "Winnipeg CAN"]
[Date "2014.12.02"]
[Round "4.6"]
[White "Green, Jim"]
[Black "Wolchock, Theo"]
[Result "1-0"]
[WhiteElo "1881"]
[BlackElo "1963"]
[PlyCount "89"]
[EventDate "2014.11.04"]
[EventType "team"]
[EventRounds "6"]
[EventCountry "CAN"]

1. e4 e5 2. Nf3 d6 3. Bc4 Be7 4. O-O Nf6 5. Nc3 O-O 6. h3 Nc6 7. d4 exd4 8.
Nxd4 Ne5 9. Bb3 c5 10. Nf3 c4 11. Nxe5 cxb3 12. Nf3 bxa2 13. Rxa2 Be6 14. Ra4
a6 15. Ng5 Bd7 16. Rd4 Ne8 17. Nf3 Bc6 18. e5 Bxf3 19. Qxf3 Qb6 20. exd6 Bxd6
21. Rd3 Rd8 22. Ne4 Be7 23. Rb3 Qc6 24. Rxb7 Qe6 25. Bg5 Bxg5 26. Nxg5 Qg6 27.
Ne4 Nd6 28. Nxd6 Rxd6 29. Rd1 Rxd1+ 30. Qxd1 Qe4 31. Rb6 a5 32. Ra6 Qb7 33.
Rxa5 Qxb2 34. Rd5 g6 35. c4 Rc8 36. c5 Qc3 37. Rd8+ Rxd8 38. Qxd8+ Kg7 39. Qd6
Qe1+ 40. Kh2 Qxf2 41. c6 Qb6 42. Qe5+ Kf8 43. c7 Qc6 44. Qh8+ Ke7 45. Qd8+ 1-0

[Event "Tournament of Champions"]
[Site "Winnipeg CAN"]
[Date "2014.12.02"]
[Round "4.6"]
[White "Kernetsky, Myron"]
[Black "Baron, Gustav"]
[Result "1/2-1/2"]
[WhiteElo "1898"]
[BlackElo "2123"]
[PlyCount "54"]
[EventDate "2014.11.04"]
[EventType "team"]
[EventRounds "6"]
[EventCountry "CAN"]

1. d4 Nf6 2. c4 c5 3. d5 b5 4. Qc2 d6 5. e4 Nbd7 6. Nf3 g6 7. cxb5 a6 8. bxa6
Bg7 9. Nc3 O-O 10. h3 Bxa6 11. Bxa6 Rxa6 12. O-O Qb6 13. Be3 Rb8 14. Rfb1 Ne8
15. b4 Qa7 16. bxc5 Rxb1+ 17. Rxb1 Nxc5 18. Nd4 Qc7 19. Ncb5 Qa5 20. Nc3 Kf8
21. Rb8 e6 22. Ndb5 Be5 23. g3 Qb4 24. a3 Rxa3 25. Nxa3 Qxb8 26. Nab5 Qc8 27.
Na4 Qa6 1/2-1/2

[Event "Tournament of Champions"]
[Site "Winnipeg CAN"]
[Date "2014.12.02"]
[Round "4.6"]
[White "Lauritson, Jim"]
[Black "Atem, James"]
[Result "1-0"]
[WhiteElo "2027"]
[BlackElo "1914"]
[PlyCount "157"]
[EventDate "2014.11.04"]
[EventType "team"]
[EventRounds "6"]
[EventCountry "CAN"]

1. d4 d5 2. c4 c6 3. Nf3 Bf5 4. Nc3 Nf6 5. e3 e6 6. Be2 Bb4 7. O-O O-O 8. Qb3
Bxc3 9. bxc3 Qc7 10. a4 Nbd7 11. Ba3 Rfe8 12. cxd5 exd5 13. c4 b6 14. Rac1 Be4
15. Nd2 dxc4 16. Bxc4 Bg6 17. f3 c5 18. e4 Qf4 19. Qd3 cxd4 20. Qxd4 Nc5 21.
Bxc5 bxc5 22. Qf2 Rec8 23. Nb3 Nd7 24. Bd5 Rab8 25. Nxc5 Ne5 26. Rb1 h5 27. Rb5
Rb6 28. Rfb1 h4 29. h3 Rcb8 30. Qe2 Bh5 31. Nd3 Nxd3 32. Qxd3 Bg6 33. Qd4 Rxb5
34. axb5 Rb6 35. Bc6 Kh7 36. Ra1 Qg3 37. Qf2 Qg5 38. Rxa7 Qc1+ 39. Kh2 Qf4+ 40.
Kh1 Qc1+ 41. Qg1 Rxc6 42. bxc6 Qxc6 43. Ra1 Qc3 44. Qe1 Qf6 45. e5 Qf4 46. e6
fxe6 47. Qxe6 Bf5 48. Qe2 Qd4 49. Re1 g5 50. Qe3 Qxe3 51. Rxe3 Kg6 52. Kh2 Kf6
53. g3 hxg3+ 54. Kxg3 Bc2 55. h4 gxh4+ 56. Kxh4 Kf5 57. Kg3 Bb1 58. Rc3 Ke5 59.
Rc5+ Kf6 60. Rb5 Bd3 61. Ra5 Ke6 62. Kf4 Kf6 63. Rd5 Be2 64. Rd6+ Ke7 65. Rb6
Bd1 66. Ke4 Bc2+ 67. Ke5 Bd1 68. Rb7+ Kd8 69. f4 Bf3 70. Rg7 Ke8 71. f5 Kf8 72.
Rc7 Bh5 73. Kf6 Kg8 74. Rg7+ Kh8 75. Rg3 Be8 76. Ke7 Bb5 77. f6 Bc4 78. f7 Bxf7
79. Kxf7 1-0

[Event "Tournament of Champions"]
[Site "Winnipeg CAN"]
[Date "2014.12.02"]
[Round "4.6"]
[White "Lipnowski, Samuel"]
[Black "Gentes, Kevin"]
[Result "1/2-1/2"]
[WhiteElo "2228"]
[BlackElo "2315"]
[PlyCount "42"]
[EventDate "2014.11.04"]
[EventType "team"]
[EventRounds "6"]
[EventCountry "CAN"]

1. e4 e5 2. Nf3 Nc6 3. Bb5 a6 4. Ba4 Nf6 5. d3 d6 6. c3 Bd7 7. O-O Be7 8. Nbd2
O-O 9. Re1 Re8 10. Nf1 h6 11. Ng3 Bf8 12. h3 b5 13. Bc2 g6 14. d4 Bg7 15. dxe5
dxe5 16. Be3 Na5 17. b3 Nb7 18. Qe2 Qe7 19. Rad1 c5 20. Rd2 Bc6 21. Red1 Red8
1/2-1/2

[Event "Tournament of Champions"]
[Site "Winnipeg CAN"]
[Date "2014.12.09"]
[Round "5.6"]
[White "Baron, Gustav"]
[Black "Bince, Rolando"]
[Result "0-1"]
[WhiteElo "2123"]
[BlackElo "2015"]
[PlyCount "142"]
[EventDate "2014.11.04"]
[EventType "team"]
[EventRounds "6"]
[EventCountry "CAN"]

1. d4 f5 2. Bg5 Nf6 3. Bxf6 exf6 4. e3 d5 5. Bd3 Bd6 6. Ne2 O-O 7. c4 c6 8.
cxd5 cxd5 9. Qb3 Be6 10. Bxf5 Qa5+ 11. Nbc3 Bxf5 12. Qxb7 Nd7 13. Qxd5+ Qxd5
14. Nxd5 Rab8 15. b3 Ba3 16. O-O Bd3 17. Ndf4 Bc2 18. h4 Rfc8 19. g3 Kf7 20.
Kg2 Rb5 21. Rh1 g5 22. hxg5 fxg5 23. Rh5 Nf6 24. Rah1 Nxh5 25. Rxh5 Bg6 26.
Nxg6 hxg6 27. Rh7+ Kg8 28. Rxa7 Bb2 29. g4 Re8 30. Ng1 Bc3 31. Nf3 Rf8 32. Ne5
Ra5 33. Rc7 Rxa2 34. Rxc3 Raxf2+ 35. Kg3 Kg7 36. b4 Rf1 37. Rc7+ Kg8 38. Rc2
Rg1+ 39. Rg2 Re1 40. Nc4 Rc8 41. Rc2 Rb1 42. Rb2 Rxb2 43. Nxb2 Rc3 44. Kf3 Rb3
45. Na4 Rxb4 46. Nc5 Kf7 47. Ke4 Ke7 48. Ke5 Rb2 49. e4 Rg2 50. d5 Rxg4 51. d6+
Kf8 52. Kd5 Rg1 53. e5 Rd1+ 54. Kc6 g4 55. e6 Ke8 56. Ne4 Rf1 57. Kd5 Rf5+ 58.
Kc6 Rf1 59. Kd5 Rf5+ 60. Kd4 Rf1 61. Ke3 Rf3+ 62. Ke2 Rf5 63. Kd3 Rf3+ 64. Kd4
Rf1 65. Kc5 Rc1+ 66. Kb6 Rb1+ 67. Kc6 Rf1 68. Nf6+ Rxf6 69. Kc7 Rf8 70. e7 Rh8
71. Kc8 g3 0-1

[Event "Tournament of Champions"]
[Site "Winnipeg CAN"]
[Date "2014.12.09"]
[Round "5.6"]
[White "Boron, Anthony"]
[Black "Green, Jim"]
[Result "1/2-1/2"]
[WhiteElo "2005"]
[BlackElo "1881"]
[PlyCount "92"]
[EventDate "2014.11.04"]
[EventType "team"]
[EventRounds "6"]
[EventCountry "CAN"]

1. e4 e5 2. Nf3 Nf6 3. d4 Nxe4 4. Bd3 d5 5. dxe5 Be7 6. O-O Nc5 7. Nc3 Nxd3 8.
Qxd3 c6 9. h3 O-O 10. Bf4 Na6 11. a3 Nc5 12. Qe2 b6 13. Rfe1 Ba6 14. Qd2 Ne6
15. Bg3 Rc8 16. Rad1 Re8 17. b4 Bg5 18. Nxg5 Qxg5 19. Qxg5 Nxg5 20. f4 Ne6 21.
f5 Nc7 22. Bf2 g6 23. g4 gxf5 24. gxf5 Kh8 25. Bh4 h6 26. Kf2 Rg8 27. Rd4 Bc4
28. a4 a6 29. Nd1 c5 30. bxc5 bxc5 31. Rf4 d4 32. Nc3 Nd5 33. Nxd5 Bxd5 34. Rg4
Kh7 35. Be7 Rxg4 36. hxg4 c4 37. Rd1 d3 38. cxd3 c3 39. Rc1 c2 40. Ke3 Bb3 41.
a5 Re8 42. Bc5 Rxe5+ 43. Kd4 Re8 44. Kc3 Bd5 45. Rxc2 Bf3 46. g5 Bg4 1/2-1/2

[Event "Tournament of Champions"]
[Site "Winnipeg CAN"]
[Date "2014.12.09"]
[Round "5.6"]
[White "Gentes, Kevin"]
[Black "Andraschko, Felix"]
[Result "1-0"]
[WhiteElo "2315"]
[BlackElo "2161"]
[PlyCount "51"]
[EventDate "2014.11.04"]
[EventType "team"]
[EventRounds "6"]
[EventCountry "CAN"]

1. Nf3 Nf6 2. g3 c5 3. Bg2 Nc6 4. d4 cxd4 5. Nxd4 e5 6. Nxc6 dxc6 7. Qxd8+ Kxd8
8. Nd2 Bd6 9. O-O Be6 10. b3 Kc7 11. Bb2 Nd7 12. Ne4 Be7 13. f4 f6 14. Rad1
exf4 15. gxf4 Rhd8 16. Ng3 Nb6 17. f5 Bf7 18. e4 Bc5+ 19. Kh1 Rxd1 20. Rxd1 Re8
21. e5 fxe5 22. Ne4 Bf8 23. Ng5 Bg8 24. Ne6+ Bxe6 25. Bxe5+ Kc8 26. fxe6 1-0